Spell the Marvel Hero #149 - Statistics

General Stats
  • This quiz has been taken 11 times
  • The average score is 8 of 10
Answer Stats
Picture Answer % Correct
Angel
100%
Iron Man
100%
Rocket Raccoon
100%
Elektra
91%
Dagger
82%
Puck
73%
Spider-Ham
73%
Hope Summers
64%
M (Monet St. Croix)
64%
Sersi
64%
No matching quizzes found
Score Distribution
Percent of People with Each Score
Percentile by Number Answered
Your Score History
You have not taken this quiz